00297nam a2200121Ia 4500008004000000020001800040082001500058100001400073245001100087260005500098300001000153650001200163210210b1981 xxu||||| |||| 00| 0 eng d a0 7069 1076 1 a923.1 MUNA aMUNI LAL. aAkbar. aNew Delhi.bVikas Publishing House Pvt Ltd.,c1981 ax,325 aKings